00506 2200193 4500001002100000005001500021035002000036008004100056245003300097100001500130250001400145260003600159300003600195020002200231082001000253084001600263650001900279990001400298INLIS00000000000065020250623090814 a0010-0625000348250623 j 1 ind 1 aI love cooking /cSekar Maya aSekar Maya acet. Ke-7 aBandung :bMizan Pustaka,c2010 a132 hlm :bIlus ;c14,5x20,8 cm a978-979-752-732-7 a028.5 a028.5 SEK i 4aI love cooking a0762/2024